Integrating Religion and Spirituality into Clinical Practice (Record no. 33777)
[ view plain ]
| 000 -LEADER | |
|---|---|
| fixed length control field | 00845nam a2200121Ia 4500 |
| 008 - FIXED-LENGTH DATA ELEMENTS--GENERAL INFORMATION | |
| fixed length control field | 220620s9999||||xx |||||||||||||| ||und|| |
| 100 ## - MAIN ENTRY--PERSONAL NAME | |
| Personal name | René Hefti (Ed.)||Arndt Büssing (Ed.) |
| 245 #0 - TITLE STATEMENT | |
| Title | Integrating Religion and Spirituality into Clinical Practice |
| 546 ## - LANGUAGE NOTE | |
| Language note | English[eng] |
| 650 ## - SUBJECT ADDED ENTRY--TOPICAL TERM | |
| Topical term or geographic name entry element | Church-based Programs||Ilness Interpretation||Substance Misuse||Chronic Diseases||Nursing Homes||Disease||Faith-based Services||kidney disease||clinical practice||Spiritual Care Team||Whole Person Medicine||Miraculous Healings||Health Care Professionals||Mental Illness||Spiritual Care||Spiritual Well-Being||health||Health Behaviors||spirituality||Creativity||religion||Treatment Adherence||Psychiatric Staff||Meaning-Making||Spiritual Care Education||quality of life||Prayer |
| 856 ## - ELECTRONIC LOCATION AND ACCESS | |
| Uniform Resource Identifier | <a href="http://www.mdpi.com/books/pdfview/book/631">http://www.mdpi.com/books/pdfview/book/631</a> |
| 942 ## - ADDED ENTRY ELEMENTS (KOHA) | |
| Koha item type | E-Books |
| Withdrawn status | Lost status | Damaged status | Not for loan | Home library | Current library | Date acquired | Total Checkouts | Date last seen | Price effective from | Koha item type |
|---|---|---|---|---|---|---|---|---|---|---|
| Kerala University of Digital Sciences, Innovation and Technology Knowledge Centre | Kerala University of Digital Sciences, Innovation and Technology Knowledge Centre | 20/06/2022 | 20/06/2022 | 20/06/2022 | E-Books |